Účtovanie miezd v sústave jednoduchého účtovníctva

Pokračovanie príspevku z predchádzajúceho čísla. Účtovanie miezd zamestnancov tých zamestnávateľov, ktorí účtujú v jednoduchom účtovníctve. Ilustračné príklady.

Uložené v:
Podrobná bibliografia
Hlavný autor: Strählová, Jarmila
Médium: Kapitola
Jazyk:Slovak
Predmet:
Tagy: Pridať tag
Žiadne tagy, Buďte prvý, kto otaguje tento záznam!

MARC

LEADER 00000naa a2200000 4500
001 0236049
005 20221104110916.1
041 0 |a slo 
044 |a SK 
245 1 0 |a Účtovanie miezd v sústave jednoduchého účtovníctva  |c Jarmila Strählová 
520 |a Pokračovanie príspevku z predchádzajúceho čísla. Účtovanie miezd zamestnancov tých zamestnávateľov, ktorí účtujú v jednoduchom účtovníctve. Ilustračné príklady. 
610 2 0 |a zamestnanci 
610 2 0 |a účtovanie 
610 2 0 |a mzdy 
610 2 0 |a účtovníctvo jednoduché 
100 1 |a Strählová, Jarmila